000 00858nam a2200313Ia 4500
001 63168
003 IT-RoPAU
008 130308s9999 xx 000 0 und d
040 _aIT-RoPAU
040 _cIT-RoPAU
041 _aITALIANO
100 _aKarbusicky Vladimir
100 _gCodice Aut. SPICS: 5143
240 _aINDEX-ZEICHEN IN MUSIK (DAS)
240 _gCodice Tit. Orig. Spics: T0393
245 _aSegno Indicale in musica (Il)
245 _bSenso in Musica (Il)-Antologia di Semiotica Musicale
250 _a1a ed.
260 _aBOLOGNA
260 _bClueb
260 _c1987 [1° Ed.:1987 - Ed.Ling.Originale:1983]
300 _a"10 p. (prefazione: no ; testo: 10 [pagine: 83-92])"
650 _aLINGUAGGIO MUSICALE
650 _eCodice materia Spics: 7004
942 _cBK
957 _71
999 _c58509
_d58509
999 _bSI
999 _g1